Multiple Shows, Multiple Emmys (Actors) Quiz Stats

 Plays Quiz not verified by Sporcle

Challenge
Share
Tweet
Embed
Score 0/24 Timer 06:00
1 Play Today
Actor Show % Correct
Alan AldaM*A*S*H
98%
Alec Baldwin30 Rock
97%
John Lithgow3rd Rock from the Sun
93.3%
Michael J. FoxFamily Ties
91.4%
Carroll O'ConnorAll in the Family
88.8%
Michael J. FoxSpin City
86%
Ed AsnerThe Mary Tyler Moore Show
85.1%
Christopher LloydTaxi
80.6%
Ed AsnerLou Grant
77.7%
Alec BaldwinSaturday Night Live
77.6%
James SpaderBoston Legal
74.5%
Robert GuillaumeBenson
73.4%
Actor Show % Correct
Richard MulliganSoap
72.8%
Robert GuillaumeSoap
72.8%
Art CarneyThe Honeymooners
70%
Carroll O'ConnorIn the Heat of the Night
66.7%
Richard MulliganEmpty Nest
62.8%
Alan AldaThe West Wing
60.4%
James SpaderThe Practice
48.7%
Robert YoungMarcus Welby, M.D.
48.7%
Robert YoungFather Knows Best
48%
John LithgowThe Crown
32.1%
Art CarneyThe Jackie Gleason Show
24.5%
Christopher LloydRoad to Avonlea
9.4%

You're not logged in!

Compare scores with friends on all Sporcle quizzes.
Join for Free
OR
Log In

You Might Also Like...

Show Comments

Extras

Top Quizzes Today


Score Distribution

Your Account Isn't Verified!

In order to create a playlist on Sporcle, you need to verify the email address you used during registration. Go to your Sporcle Settings to finish the process.

Report this User

Report this user for behavior that violates our Community Guidelines.

Details: